00319pab a2200133 454500008004000000100001800040245003800058260000900096300000900105362001000114650003100124650001800155773001200173180718b1999 xxu||||| |||| 00| 0 eng d aGupta, Anupam aSonia: naturalisation by marriage c1999 ap.11 a7 Jun aCivil and political rights aGandhi, Sonia aTribune